[Event "EU-ch U12"]
[Site "Bratislava"]
[Date "2019.08.03"]
[Round "2"]
[White "Kanov, Nikola"]
[Black "Stogr, Viktor"]
[Result "1-0"]
[WhiteElo "2102"]
[BlackElo "1583"]
[PlyCount "121"]
[EventDate "2019.08.02"]
[EventType "swiss"]
[EventRounds "9"]
[EventCountry "SVK"]
[SourceTitle "EXT 2020"]
[Source "ChessBase"]
[SourceDate "2019.10.17"]
[SourceVersion "1"]
[SourceVersionDate "2019.10.17"]
[SourceQuality "1"]

1. e4 e6 2. d4 d5 3. e5 c5 4. c3 Nc6 5. Nf3 Bd7 6. Be2 cxd4 7. cxd4 Bb4+ 8. Kf1 Rc8 9. h4 Nge7 10. Bd3 a6 11. g4 Na7 12. Kg2 Bb5 13. a3 Ba5 14. b4 Bb6 15. Be3 Bxd3 16. Qxd3 Qd7 17. Nc3 Nb5 18. Ne2 Nc6 19. h5 Nba7 20. g5 Ne7 21. g6 hxg6 22. hxg6 Nxg6 23. Rxh8+ Nxh8 24. Qh7 Ng6 25. Qxg7 Kd8 26. a4 Nc6 27. Rc1 Nxb4 28. Bg5+ Ke8 29. Qg8+ Nf8 30. Bh6 Ke7 31. Rxc8 Qxc8 32. Ng5 Qe8 33. Nf4 Bxd4 34. Nxf7 Qxf7 35. Bxf8+ Ke8 36. Qxf7+ Kxf7 37. Bxb4 Bxe5 38. Nd3 Bd4 39. Bc5 Bc3 40. Bb6 Kf6 41. Nc5 e5 42. Nxb7 Ke6 43. Nc5+ Kd6 44. Nxa6 Kc6 45. a5 d4 46. Kf3 d3 47. Ke3 e4 48. Nc7 Be5 49. Ne6 Kd6 50. a6 Kxe6 51. a7 Bf4+ 52. Kxf4 d2 53. a8Q d1Q 54. Qe8+ Kf6 55. Bd4+ Qxd4 56. Qh8+ Kg6 57. Qxd4 Kh6 58. Kf5 Kh7 59. Qxe4 Kh6 60. Kf6 Kh5 61. Qd4 1-0